| 000 | 00761nam a2200289Ia 4500 | ||
|---|---|---|---|
| 005 | 20260324113842.0 | ||
| 008 | 008 260324s9999 xx 000 0 eng d | ||
| 020 | _a9781003340621 | ||
| 037 | _aEBOOK | ||
| 040 | _aCRL | ||
| 040 | _beng | ||
| 040 | _cCRL | ||
| 041 | _2eng | ||
| 041 | _aeng | ||
| 084 | _qCRL | ||
| 100 |
_aWalayat Hussain; Honghao Gao; Fethi Rabhi; Luis MartÃnez _91148436 |
||
| 245 | 0 | _aAdvances in Complex Decision Making | |
| 245 | 0 | _bUsing Machine Learning and Tools for Service-Oriented Computing | |
| 260 | _bTaylor and Francis | ||
| 260 | _c2023 | ||
| 365 | _a | ||
| 365 | _b140 | ||
| 856 | _uhttp://www.taylorfrancis.com/books/9781003340621 | ||
| 942 | _cEBOOK | ||
| 999 |
_c1738297 _d1738297 |
||